000 00464nam a2200193Ia 4500
005 20240913125347.0
008 240913s9999||||xx |||||||||||||| ||und||
020 _a0-07-LL452L-4
041 _aENGLISH
082 _A629.134353 N6
100 _aMattingly Jack D
245 0 _aElements of Gas Turbine Propulsion
250 _a1st
260 _c1996
_bMcGraw Hill , Ne
500 _aREFERENCE
650 _aGas
_bMechanical
942 _cREF
999 _c245384
_d245384